000 00530nam a2200181Ia 4500
003 GCL
008 140319s9999 xx 000 0 ara d
040 _aGCL /
_cGCL
082 0 4 _a811.01
_bا ا
100 1 _aاميل ناصيف
245 1 0 _aاروع ما قيل فى الحب والغزل /
_cاميل ناصيف
260 _a[S.N] :
_bدار جروس للنشر والتوزيع ،
_c1987
300 _a191 ص
490 _a
650 0 4 _aالشعر العربى
650 0 4 _aالشعر الغزلى
942 _2ddc
_cBK
999 _c58963
_d58963